00317pab a2200121 454500008004000000100002000040245007700060260000900137300001500146362000800161650001500169773001100184180718b1997 xxu||||| |||| 00| 0 eng d aKantawala, A.S. aBudget in post liberalisation era: analysis of some provisions of IT Act c1997 ap.20-23,42 aDec aIncome tax aYojana